000 00412nam a2200169Ia 4500
003 GCL
008 140319s9999 xx 000 0 eng d
040 _aGCL /
_cGCL
082 0 4 _a589.2
_bI B
100 1 _aINGOLD, C.T
245 1 0 _aThe Biology Of Fungi /
_cINGOLD, C.T
700 1 _aHUDSON, H. J
260 _a[S.N] :
_bCHAPMAN & HALL ،
_c1993
300 _a224 P
650 0 4 _aMYTHOLOGY
942 _2ddc
_cBK
999 _c14540
_d14540